000 01038nam a22003017a 4500
003 PE SENCICO BE
005 20251020182625.0
008 230112b |||||||| |||| 00| 0 eng d
020 _a978-612-4234-83-5
040 _aPE SENCICO BE
_cPE SENCICO BE
041 _aspa
082 _a728.37047
_bH44
_c2018
100 1 _9463
_aHertz, John B.
_eautor
245 1 _aArquitectura tropical :
_bdiseño bioclimático de viviendas en la selva del Perú /
_cJohn B. Hertz
250 _a2a ed.
260 _aLima :
_bUniversitaria,
_c2018
300 _a[11], 138 p. :
_bdiagrs.,
_c25 cm.
504 _aBibliografía: p. 136-138
650 1 4 _9464
_aArquitectura tropical
650 2 4 _918
_aDiseño arquitectónico
650 2 4 _9189
_aArquitectura bioclimática
650 2 4 _959
_aConstrucción de viviendas
650 2 4 _977
_aViviendas
_zPerú
650 2 4 _971
_aMateriales de construcción
710 1 _9465
_aUniversidad Ricardo Palma (Lima)
910 _bhfp
_chfp
942 _2ddc
_cLIB
_e2018
_h728.37047
_iH44
999 _c3776
_d3776